000 01146nam a2200325 i 4500
003 EG-GICUC
005 20260421214256.0
008 260421s1979 ua ||||fr|||| 00| 0 ara d
017 _a1979/4110
020 _a9773061884
040 _a EG-GICUC
_bara
_c EG-GICUC
_d EG-GICUC
_erda
041 0 _aara
082 0 4 _221
_a345.6231
_bم ح . ن
092 0 4 _221
099 _aLaw1 07 345.6231 م ح . ن 1979
100 0 _aمحمد ابراهيم الوالي
_eمؤلف.
245 1 0 _aنظرية التفويض الإداري :
_bدراسة مقارنة /
_cتألیف الدكتور محمد ابراهيم الوالي
264 _aالقاهرة :
_bدار المعرفة العربي,
_c1979.
300 _a503 صفحة :
_c24 سم
336 _2rda content
_atext
337 _2rda media
_aComputer
338 _2rda carrier
_aOnline Resource
504 _a. 503-475ببليوجرافيا: صفحات.
546 _aالنص باللغة العربية
650 1 _aالقانون الإداري
651 1 _2qrmak
856 4 0 _uhttps://fll.law.cu.edu.eg/fulltext/bks/B07-02138.pdf
905 _a47
942 _2ddc
_n0
_cBK
_e21
999 _c72748
_d72748